LEADER 01229nam--2200385---450- 001 990002086280203316 005 20101203105227.0 035 $a000208628 035 $aUSA01000208628 035 $a(ALEPH)000208628USA01 035 $a000208628 100 $a20041015d1981----km-y0itay0103----ba 101 0 $aita 102 $aIT 105 $a||||||||001yy 200 1 $aPotere pubblico ed ambiente$econtributo allo studio della etero-integrazione di norma penale$fDario Bortolotti 210 $aMilano$cA. Giuffré$d1981 215 $a165 p.$d25 cm 225 2 $aSeminario giuridico della Università di Bologna$v93 410 0$12001$aSeminario giuridico della Università di Bologna$v93 454 1$12001 461 1$1001-------$12001 606 0 $aNorma penale 676 $a345 700 1$aBORTOLOTTI,$bDario$0262688 801 0$aIT$bsalbc$gISBD 912 $a990002086280203316 951 $aXXV.3.M. 31 (IG XI 364)$b7419 E.C.$cXXV.3.M. 31 (IG XI)$d00207457 959 $aBK 969 $aGIU 979 $aSIAV1$b10$c20041015$lUSA01$h1419 979 $aRSIAV1$b90$c20090514$lUSA01$h1434 979 $aRSIAV2$b90$c20101203$lUSA01$h1052 996 $aPotere pubblico ed ambiente$9690354 997 $aUNISA